000 01045nam0a2200277 4500
001 RU\NLR\bibl\1070061
005 20260405073727.0
010 _a5-9248-0123-3
_92000
021 _aRU
_b2007-11927
_9632
035 _a(NLR Aleph) 001057294
090 _a916286
_c916286
100 _a20070409d2006 |||y0rusy50 ca
101 0 _arus
102 _aRU
105 _aa |||||||||
200 1 _aНа землях Будды
_fН.А. Листопадов
210 _aМосква
_cМеждународный университет в Москве
_d2006
215 _a370, [1] с.
_cил.
_d21
607 _aСтраны Юго-Восточной Азии
_jВоспоминания, записки и т.п.
_xИстория
_z1945 -
_92432720
_3RU\NLR\auth\661447853
686 _aТ3(575)63,013
700 1 _4070
_8rus
_7ca
_aЛистопадов
_bН. А.
_f1956-
_gНиколай Александрович
_3RU\NLR\AUTH\7725791
_98836
801 0 _aRU
_bNLR
_c20070409
_gRCR
801 1 _aRU
_bNLR
_c20070409
942 _cBOOK
980 _aNB